A table, shewing the rates of insuring houses from one year to seven: : at the Fire-Office, kept against the Royal-Exchange in Cornhill: and at the Rainbow-Coffee-House by the inner-Temple-Gate in Fleetstreet.

Bibliographic Details
Format: eBook
Language:English
Published: London : printed by Tho. Milbourn in Jewen-Street, 1700.
Series:Early English books online.
Subjects:
Online Access:Connect to the full text of this electronic book

MARC

Tag First Indicator Second Indicator Subfields
LEADER 00000nam a2200000 4500
001 in00004194821
005 20200806081440.0
006 m g d
007 cr bn |||a|bb|
008 970818s1700 enk o 00 eng d
035 |a (UnM)99885618 
037 |a CL2105000001  |b ProQuest Information and Learning. 300 N. Zeeb Rd., Ann Arbor, MI 48106 
040 |a Cu-RivES  |c Cu-RivES  |d Cu-RivES  |e dcrb 
245 0 2 |a A table, shewing the rates of insuring houses from one year to seven: :  |b at the Fire-Office, kept against the Royal-Exchange in Cornhill: and at the Rainbow-Coffee-House by the inner-Temple-Gate in Fleetstreet. 
260 |a London :  |b printed by Tho. Milbourn in Jewen-Street,  |c 1700. 
300 |a 1 online resource (1 sheet ([1] pages). 
336 |a text  |b txt  |2 rdacontent 
337 |a computer  |b c  |2 rdamedia 
338 |a online resource  |b cr  |2 rdacarrier 
500 |a Caption title. 
500 |a Reproduction of original in the British Library. 
510 4 |a Wing (CD-ROM, 1996)  |c T90 
510 4 |a Early English books tract supplement interim guide  |c 816.m.10[97] 
533 |a Electronic reproduction.  |b Ann Arbor, Mich. :  |c UMI,  |d 1999-  |f (Early English books online)  |n Digital version of: (Early English books; Tract supplement ; C1:2[96])  |7 s1999 miun s 
610 2 0 |a Fire Office (London, England)  |v Early works to 1800. 
650 0 |a Insurance, Fire  |v Early works to 1800. 
650 0 |a Insurance companies  |v Early works to 1800. 
830 0 |a Early English books online. 
856 4 0 |u http://proxy.library.tamu.edu/login?url=https://search.proquest.com/docview/2248537107  |z Connect to the full text of this electronic book  |t 0 
999 f f |s 7c714a5d-3b75-3f99-8cd7-222eba5e96e7  |i b4b02b6e-2e2e-3b51-8c46-204e26fa04f7  |t 0 
952 f f |a Texas A&M University  |b College Station  |c Electronic Resources  |d Available Online  |t 0  |h No information provided 
998 f f |t 0  |l Available Online